Solar and stellar granulation (Record no. 9604)

MARC details
000 -LEADER
fixed length control field 01085nam a2200229Ia 4500
003 - CONTROL NUMBER IDENTIFIER
control field IN-BaIIA
008 - FIXED-LENGTH DATA ELEMENTS--GENERAL INFORMATION
fixed length control field 211028s9999 xx 000 0 eng d
020 ## - INTERNATIONAL STANDARD BOOK NUMBER
International Standard Book Number 0-7923-0122-6
040 ## - CATALOGING SOURCE
Transcribing agency IIA Library
080 ## - UNIVERSAL DECIMAL CLASSIFICATION NUMBER
Universal Decimal Classification number 523.942.3(082.2)
Item number RUT
111 ## - MAIN ENTRY--MEETING NAME
Meeting name or jurisdiction name as entry element International Workshop of the OAC and NATO Advanced Research Workshop on Solar and Stellar Granulation
Location of meeting Capri, Italy
Date of meeting or treaty signing 1988 June 21-25
9 (RLIN) 16189
245 #0 - TITLE STATEMENT
Title Solar and stellar granulation
Remainder of title proceedings of third International workshop of the OAC and NATO advanced research workshop on solar and stellar granulation held in Capri, Italy, 21-25, June 1988
Statement of responsibility, etc. edited by Robert J. Rutten and Giuseppec Severino
250 ## - EDITION STATEMENT
Edition statement 3rd ed.
260 ## - PUBLICATION, DISTRIBUTION, ETC.
Place of publication, distribution, etc. Dordrecht
Name of publisher, distributor, etc. Kluwer Academic
Date of publication, distribution, etc. 1989
300 ## - PHYSICAL DESCRIPTION
Extent xxv, 661p.
490 ## - SERIES STATEMENT
Series statement NATO ASI Series C:Mathematical and physical sciences- v.26
650 ## - SUBJECT ADDED ENTRY--TOPICAL TERM
Topical term or geographic name entry element Astronomy and Astrophysics Thesaurus
650 ## - SUBJECT ADDED ENTRY--TOPICAL TERM
Topical term or geographic name entry element Solar granulation Stellar granulation
9 (RLIN) 16190
700 ## - ADDED ENTRY--PERSONAL NAME
Personal name Rutten, Robert J., ed.
9 (RLIN) 16191
700 ## - ADDED ENTRY--PERSONAL NAME
Personal name Severino, Giuseppe, ed.
9 (RLIN) 16192
942 ## - ADDED ENTRY ELEMENTS (KOHA)
Koha item type Books
Holdings
Withdrawn status Lost status Damaged status Not for loan Home library Current library Shelving location Date acquired Total Checkouts Full call number Barcode Date last seen Price effective from Koha item type
        IIA Library-Bangalore IIA Library-Bangalore General Stacks     523.942.3(082.2)/ RUT 10514 05/11/2021   Books

Powered by Koha